Special edition using Netware 5.0 / (Record no. 133392)

MARC details
000 -LEADER
fixed length control field 00883nam a22002777a 4500
003 - CONTROL NUMBER IDENTIFIER
control field dpl
005 - DATE AND TIME OF LATEST TRANSACTION
control field 20170204131652.0
008 - FIXED-LENGTH DATA ELEMENTS--GENERAL INFORMATION
fixed length control field 170204b xxu||||| |||| 00| 0 eng d
010 ## - LIBRARY OF CONGRESS CONTROL NUMBER
LC control number B-017709,B-017711
020 ## - INTERNATIONAL STANDARD BOOK NUMBER
Terms of availability 325.00
International Standard Book Number 8120316290
035 ## - SYSTEM CONTROL NUMBER
System control number B-017709,B-017711
037 ## - SOURCE OF ACQUISITION
Source of stock number/acquisition Cen Lib/Ret
040 ## - CATALOGING SOURCE
Original cataloging agency DPL
Language of cataloging EN
Transcribing agency DPL
082 ## - DEWEY DECIMAL CLASSIFICATION NUMBER
Classification number 005.43
Item number KUO
100 ## - MAIN ENTRY--PERSONAL NAME
Personal name Kuo, Peter
9 (RLIN) 37818
245 ## - TITLE STATEMENT
Title Special edition using Netware 5.0 /
Statement of responsibility, etc by Peter Kuo;John Pence [and] Sally Specker
260 ## - PUBLICATION, DISTRIBUTION, ETC. (IMPRINT)
Place of publication, distribution, etc New Delhi
Name of publisher, distributor, etc Prentice Hall India
Date of publication, distribution, etc 2000
270 ## - ADDRESS
Address M-97, Connaught Circus
City New Delhi
Postal code 110001
300 ## - PHYSICAL DESCRIPTION
Extent xvii,950p. :
Dimensions 23cm(Hb)
Other physical details ill.
500 ## - GENERAL NOTE
General note Includes index
650 ## - SUBJECT ADDED ENTRY--TOPICAL TERM
Topical term or geographic name as entry element Operating systems (Computers)
9 (RLIN) 14601
650 ## - SUBJECT ADDED ENTRY--TOPICAL TERM
Topical term or geographic name as entry element NetWare
9 (RLIN) 37819
700 ## - ADDED ENTRY--PERSONAL NAME
Personal name Pence, John
9 (RLIN) 138662
700 ## - ADDED ENTRY--PERSONAL NAME
Personal name Specker, Sally
9 (RLIN) 138663
942 ## - ADDED ENTRY ELEMENTS (KOHA)
Source of classification or shelving scheme Dewey Decimal Classification
Koha item type English Books
Classification part 005.43
Call number suffix KUO
Holdings
Withdrawn status Lost status Damaged status Not for loan Home library Current library Date acquired Source of acquisition Cost, normal purchase price Total Checkouts Full call number Barcode Date last seen Copy number Cost, replacement price Price effective from Koha item type Source of classification or shelving scheme Collection code Shelving location
        Central Library Central Library 25/07/2015 Cen Lib/Ret 325.00   005.43 KUO B-017709 25/07/2015 1 325.00 25/07/2015 English Books      
      Ordered Sarojini Nagar Sarojini Nagar 27/01/2017 DPL 325.00   005.43 KUO B-017711 27/01/2017 1 325.00 27/01/2017 English Books Dewey Decimal Classification Non-fiction On Display

© Delhi Public Library
Hit Counter
free hit counter